000
00310pab a2200121 454500
008
180718b xxu||||| |||| 00| 0 eng d
100
_a
Singh, Anup K.
245
_a
Professional perspective on democracy
650
_a
Democracy
700
_a
Misra, Girishwar
773
_a
Monthly Public Opinion Surveys
909
_a
112
999
_c
112
_d
112